000 00368pam a2200157a 44500
008 230515b2011 xxu||||| |||| 00| 0 eng d
020 _aNULL
041 _aENGLISH
082 _a629.89
100 _aBARTELT TERRY
245 _aINDUSTRIAL ELECTRONICS
250 _a1997
260 _aDELHI
_bDELMAR PUBLISHER NEW DELHI
_c2011
300 _aXV-550
650 _aNULL
999 _c654938
_d654938